[Event "26th Abu Dhabi Masters"]
[Site "Abu Dhabi UAE"]
[Date "2019.08.10"]
[Round "9.26"]
[White "Laxman, R.R."]
[Black "Bajarani, Ulvi"]
[Result "1/2-1/2"]
[WhiteElo "2426"]
[BlackElo "2515"]
[EventDate "2019.08.02"]

1. d4 d5 2. Nf3 Nf6 3. c4 c6 4. e3 Bf5 5. Nc3 e6 6. Nh4 Bg6 7. Be2 Nbd7 8.
g3 Bd6 9. O-O dxc4 10. Nxg6 hxg6 11. Bxc4 Qe7 12. f4 c5 13. Qf3 cxd4 14.
exd4 Rb8 15. Be3 a6 16. Bb3 O-O 17. Rae1 Rfe8 18. Kg2 b5 19. Bf2 Qd8 20. g4
Nb6 21. Bh4 Nc4 22. Re2 Bb4 23. Ne4 Be7 24. Bxf6 Bxf6 25. Rd1 Qd5 26. Nc5
Qxf3+ 27. Kxf3 Rbd8 28. Bxc4 bxc4 29. Red2 a5 30. Ne4 Be7 31. d5 Bb4 32.
Rd4 Rxd5 33. Rxd5 exd5 34. Rxd5 Rb8 35. a4 f6 36. Ke3 Be1 37. Rb5 Rd8 38.
Nc5 Bb4 39. f5 gxf5 40. gxf5 Rd5 41. Ne6 Rd3+ 42. Ke4 Rd2 43. Rb8+ Kh7 44.
Rc8 Rxh2 45. Rxc4 Rxb2 46. Rc7 Kh6 47. Nxg7 Bd6 48. Ra7 Rb4+ 49. Kd5 Bb8
50. Rf7 Kg5 51. Ne8 Be5 52. Ra7 Rxa4 53. Ke6 Ra1 54. Rg7+ Kf4 55. Nxf6 Bxf6
56. Kxf6 Rb1 57. Rc7 Rb6+ 58. Ke7 Kxf5 1/2-1/2

[Event "26th Abu Dhabi Masters"]
[Site "Abu Dhabi UAE"]
[Date "2019.08.10"]
[Round "9.27"]
[White "Kiriakov, Petr"]
[Black "Assaubayeva, Bibisara"]
[Result "1/2-1/2"]
[WhiteElo "2514"]
[BlackElo "2375"]
[EventDate "2019.08.02"]

1. d4 d5 2. c4 c6 3. Nf3 Nf6 4. e3 Bf5 5. cxd5 cxd5 6. Qb3 Qb6 7. Nc3 e6 8.
Qxb6 axb6 9. Bb5+ Nfd7 10. Ne5 Bd6 11. Nxd7 Nxd7 12. Bd2 Ra5 13. Ke2 Ke7
14. Rhc1 Nf6 15. h3 h5 16. f3 h4 17. a3 Rha8 18. Kd1 e5 19. Bf1 Bd7 20. Ne2
Ra4 21. dxe5 Bxe5 22. Bb4+ Bd6 23. Bxd6+ Kxd6 24. Nd4 R4a5 25. Kd2 Rc5 26.
Bd3 g5 27. Nb3 Rxc1 28. Rxc1 Nh5 29. Nd4 Ng3 30. Rc3 f5 31. Rb3 Kc7 32.
Rc3+ Kd6 33. Rb3 Kc7 34. Rc3+ Kd6 35. Bb5 1/2-1/2

[Event "26th Abu Dhabi Masters"]
[Site "Abu Dhabi UAE"]
[Date "2019.08.10"]
[Round "9.28"]
[White "Vaishali, R"]
[Black "Vasquez Schroeder, Rodrigo"]
[Result "0-1"]
[WhiteElo "2411"]
[BlackElo "2496"]
[EventDate "2019.08.02"]

1. e4 e5 2. Nf3 Nc6 3. Bb5 a6 4. Ba4 Nf6 5. d3 d6 6. c3 g6 7. O-O Bg7 8.
Nbd2 O-O 9. Re1 b5 10. Bc2 Bb7 11. a4 Nd7 12. Nf1 Ne7 13. d4 c5 14. dxe5
dxe5 15. axb5 axb5 16. Rxa8 Bxa8 17. Qd6 Nc6 18. Rd1 Ncb8 19. c4 Qa5 20.
Ne3 b4 21. Ng4 Re8 22. Nh6+ Bxh6 23. Bxh6 Re6 24. Qd3 f6 25. Nh4 Kf7 26.
Rd2 Qc7 27. Nf5 Ra6 28. Nd6+ Ke7 29. Nb5 Ra1+ 30. Rd1 Rxd1+ 31. Bxd1 Qc6
32. Qd5 Qxb5 33. Qxa8 Qxc4 34. Bg4 Qa6 35. Qxa6 Nxa6 36. Be2 Nc7 37. Be3
Ne6 38. Kf1 Nb6 39. Ke1 Nd4 40. Kd2 Na4 41. Bxd4 cxd4 42. Bb5 Nc5 43. f3 f5
44. Bc6 fxe4 45. Bxe4 Nxe4+ 46. fxe4 Kf6 47. Ke2 Kg5 48. Kf3 Kh4 49. b3 h6
50. Kf2 Kg4 51. Ke2 Kf4 52. Kd3 g5 0-1

[Event "26th Abu Dhabi Masters"]
[Site "Abu Dhabi UAE"]
[Date "2019.08.10"]
[Round "9.29"]
[White "Sadhwani, Raunak"]
[Black "Eynullayev, Atilla"]
[Result "1-0"]
[WhiteElo "2493"]
[BlackElo "2290"]
[EventDate "2019.08.02"]

1. Nf3 Nf6 2. c4 c5 3. Nc3 d5 4. cxd5 Nxd5 5. g3 Nc6 6. Bg2 Nc7 7. O-O e5
8. a3 Rb8 9. Rb1 f6 10. d3 Be6 11. Be3 Qd7 12. Nd2 Be7 13. Qa4 b5 14. Qd1
O-O 15. Nce4 Nd4 16. Rc1 Na6 17. Nf3 Rfc8 18. Re1 Rc7 19. Nfd2 Nf5 20. Nf1
Nxe3 21. Nxe3 c4 22. dxc4 Qxd1 23. Rexd1 bxc4 24. Nc3 Rxb2 25. Ncd5 Rd7 26.
Nxc4 Rb8 27. Nxe7+ Rxe7 28. Na5 Rc7 29. Nc6 Re8 30. h3 Nb8 31. Na5 Rxc1 32.
Rxc1 Re7 33. g4 Kf7 34. Be4 g6 35. Bd3 Rd7 36. Rb1 Rd8 37. Rb7+ Nd7 38.
Rxa7 Rc8 39. Bb5 Ke7 40. a4 Rc3 41. Nc6+ Kd6 42. Nd8 Nc5 43. Nxe6 Nxe6 44.
Rd7+ Kc5 45. Rxh7 Kb4 46. h4 Rc1+ 47. Kh2 Rf1 48. Kg2 Ra1 49. e3 1-0

[Event "26th Abu Dhabi Masters"]
[Site "Abu Dhabi UAE"]
[Date "2019.08.10"]
[Round "9.30"]
[White "Agmanov, Zhandos"]
[Black "Arjun, Kalyan"]
[Result "1-0"]
[WhiteElo "2402"]
[BlackElo "2482"]
[EventDate "2019.08.02"]

1. e4 c5 2. Nf3 Nc6 3. d4 cxd4 4. Nxd4 Nf6 5. Nc3 d6 6. Bg5 e6 7. Qd2 a6 8.
O-O-O Be7 9. f3 Nxd4 10. Qxd4 b5 11. Kb1 Bb7 12. g4 O-O 13. h4 Rc8 14. Bd3
Qc7 15. h5 h6 16. Bh4 Qc5 17. Ne2 Rfd8 18. Qg1 Qxg1 19. Rdxg1 Kf8 20. g5
hxg5 21. Bxg5 Ng8 22. h6 gxh6 23. Bxh6+ Nxh6 24. Rxh6 Ke8 25. Rh7 Bf6 26.
Nf4 Ke7 27. Ng6+ Ke8 28. Nf4 Bd4 29. Rg6 Be5 30. Nxe6 fxg6 31. Nxd8 Kxd8
32. Rxb7 Rc7 33. Rb8+ Rc8 34. Rb6 Ra8 35. Rb7 Kc8 36. Rf7 g5 37. a3 Kb8 38.
Rf5 Bf4 39. b4 Kc7 40. c4 bxc4 41. Bxc4 Kb6 42. Kc2 Rh8 43. a4 Rh2+ 44. Kb3
Rf2 45. a5+ Kc7 46. Rf7+ Kd8 47. Bxa6 Rxf3+ 48. Ka4 Rf2 49. Bc4 Be3 50. Rg7
Rb2 51. a6 Rb1 52. Ba2 Rb2 53. Ka3 Rc2 54. a7 Bc1+ 55. Kb3 Rb2+ 56. Kc4
Rxa2 57. a8=Q+ Rxa8 58. Rg8+ Kc7 59. Rxa8 Kb6 60. Rb8+ Kc7 61. Re8 Kd7 62.
Ra8 Kc6 63. Ra6+ Kc7 64. Kb5 Be3 65. Ra3 Bf4 66. Ra7+ Kd8 67. Kc6 1-0

[Event "26th Abu Dhabi Masters"]
[Site "Abu Dhabi UAE"]
[Date "2019.08.10"]
[Round "9.31"]
[White "Nandhidhaa, P V"]
[Black "Vignesh, N R"]
[Result "0-1"]
[WhiteElo "2332"]
[BlackElo "2466"]
[EventDate "2019.08.02"]

1. e4 c5 2. Nf3 d6 3. d4 cxd4 4. Nxd4 Nf6 5. Nc3 a6 6. Nb3 e6 7. g4 h6 8.
h4 b5 9. Bg2 b4 10. e5 d5 11. Na4 Nfd7 12. f4 Bb7 13. Be3 Qc7 14. Nd4 Nc6
15. b3 Rc8 16. O-O Nxd4 17. Bxd4 Bc6 18. Nb2 Bb5 19. Rf2 Be7 20. h5 Nc5 21.
Rc1 Ne4 22. Bxe4 dxe4 23. c4 bxc3 24. Rxc3 Qd7 25. Rxc8+ Qxc8 26. Rc2 Qd8
27. Bc5 Bxc5+ 28. Rxc5 Bd3 29. Nxd3 exd3 30. Qd2 O-O 31. Rc4 Qh4 32. Qxd3
Qxg4+ 33. Kf2 Qxh5 34. Rd4 Qh2+ 35. Kf3 Qxa2 36. Rd8 Rxd8 37. Qxd8+ Kh7 38.
Qb6 Qc2 39. Qb7 Qd3+ 40. Kg4 Qf5+ 41. Kg3 Qd3+ 42. Kg4 h5+ 43. Kxh5 Qh3+
44. Kg5 Qg3+ 0-1

[Event "26th Abu Dhabi Masters"]
[Site "Abu Dhabi UAE"]
[Date "2019.08.10"]
[Round "9.32"]
[White "Aronyak, Ghosh"]
[Black "Gaponenko, Inna"]
[Result "1/2-1/2"]
[WhiteElo "2332"]
[BlackElo "2446"]
[EventDate "2019.08.02"]

1. Nf3 g6 2. g3 Bg7 3. Bg2 Nf6 4. b3 d6 5. d4 c6 6. O-O O-O 7. Bb2 Nbd7 8.
Nbd2 Qc7 9. e4 b6 10. c4 e5 11. Qc2 Bb7 12. Rfe1 Rfe8 13. Rad1 a6 14. h3
Re7 15. c5 dxc5 16. dxe5 Ne8 17. Nc4 a5 18. Bc1 h6 19. h4 Ba6 20. e6 fxe6
21. e5 Bxc4 22. Qxc4 Nf8 23. Bf4 Rd8 24. Rxd8 Qxd8 25. Qc1 Kh7 26. Nh2 Nc7
27. Ng4 h5 28. Nf6+ Bxf6 29. exf6 Rf7 30. Bg5 Nd5 31. Qd1 Qc7 32. Be4 Nxf6
33. Bxf6 Rxf6 34. Qxh5+ Kg7 35. Qg4 Qe5 36. Re2 Nd7 37. Rd2 Nf8 38. Kg2 Qc3
39. Qg5 c4 40. h5 cxb3 41. axb3 Qc5 42. h6+ Kf7 43. Qxc5 bxc5 44. Rc2 Nd7
45. Rd2 Ne5 46. f4 Ng4 47. h7 Kg7 48. Rd7+ Kh8 49. Rc7 e5 50. Kf3 Nh2+ 51.
Ke2 exf4 52. gxf4 Ng4 53. Kd2 Nh6 54. Ra7 Nf5 55. Rxa5 Nd4 56. Kc3 Nb5+ 57.
Kb2 Kxh7 58. Bxc6 Rxc6 59. Rxb5 c4 60. b4 c3+ 61. Kc2 Rc4 62. Rb8 Kh6 63.
b5 Rxf4 64. Kxc3 Rf1 65. Kc4 Kh5 66. b6 Rb1 67. Kc5 g5 68. Kc6 Kg4 69. Rg8
Rc1+ 70. Kd6 Rb1 71. Kc7 Rc1+ 72. Kb8 Kf4 73. b7 g4 74. Ka7 Ra1+ 75. Kb6
Rb1+ 76. Kc6 g3 77. b8=B+ Rxb8 78. Rxb8 g2 79. Rb1 Kf3 80. Kd5 Kf2 81. Ke4
1/2-1/2

[Event "26th Abu Dhabi Masters"]
[Site "Abu Dhabi UAE"]
[Date "2019.08.10"]
[Round "9.33"]
[White "Mahalakshmi, M"]
[Black "Krishna, C R G"]
[Result "1-0"]
[WhiteElo "2173"]
[BlackElo "2444"]
[EventDate "2019.08.02"]

1. d4 d6 2. Nf3 f5 3. g3 Nf6 4. Bg2 g6 5. O-O Bg7 6. c4 O-O 7. Nc3 Nc6 8.
d5 Ne5 9. Nxe5 dxe5 10. c5 h6 11. Qb3 Kh8 12. Rd1 a6 13. Qa3 g5 14. d6 e4
15. f3 exf3 16. exf3 cxd6 17. cxd6 e5 18. Be3 Bd7 19. Na4 Bc6 20. Nc5 Qe8
21. Qb3 g4 22. f4 exf4 23. gxf4 Bxg2 24. Kxg2 Qc6+ 25. Kg1 g3 26. hxg3 Ng4
27. Ne6 Rae8 28. Bf2 Rxe6 29. Qxe6 Bxb2 30. Rab1 Qf3 31. Rxb2 Qxd1+ 32. Kg2
b5 33. d7 Nf6 34. Bc5 Qd3 1-0

[Event "26th Abu Dhabi Masters"]
[Site "Abu Dhabi UAE"]
[Date "2019.08.10"]
[Round "9.34"]
[White "Mullick, Raahil"]
[Black "Yilmaz, Mustafa"]
[Result "1-0"]
[WhiteElo "2355"]
[BlackElo "2614"]
[EventDate "2019.08.02"]

1. e4 c5 2. Nf3 d6 3. d4 cxd4 4. Nxd4 Nf6 5. Nc3 a6 6. Be3 e5 7. Nb3 Be6 8.
f3 h5 9. Nd5 Bxd5 10. exd5 Nbd7 11. Qd2 g6 12. Be2 Bg7 13. O-O b6 14. c4
O-O 15. Rae1 Re8 16. Qd1 a5 17. Nd2 Nc5 18. Nb1 h4 19. Bg5 h3 20. g3 Qd7
21. Nc3 Nh7 22. Be3 f5 23. Bd3 Bf6 24. Bc2 Qg7 25. Nb5 Qe7 26. a3 Rac8 27.
Kh1 Ng5 28. b4 axb4 29. axb4 Na6 30. f4 Nf7 31. g4 Nxb4 32. gxf5 Rxc4 33.
fxg6 Nh6 34. Bd3 Nxd3 35. Qxd3 exf4 36. Qxc4 fxe3 37. Qf4 Bg5 38. Qf3 Kg7
39. Nd4 Qe4 40. Ne6+ Rxe6 41. dxe6 Qxe6 42. Rg1 Qe5 43. Rd1 Bh4 44. Rdf1
Bf2 45. Qb7+ Kf6 46. g7 d5 47. g8=N+ Nxg8 48. Qg7+ Ke6 49. Qxg8+ Kd7 50.
Rg7+ Kc6 51. Qc8+ Kb5 52. Rb1+ 1-0

[Event "26th Abu Dhabi Masters"]
[Site "Abu Dhabi UAE"]
[Date "2019.08.10"]
[Round "9.35"]
[White "Tahbaz, Arash"]
[Black "Pranav, Anand"]
[Result "*"]
[WhiteElo "2482"]
[BlackElo "2347"]
[EventDate "2019.08.02"]

1. Nf3 Nf6 2. g3 d5 3. Bg2 e6 4. O-O Be7 5. d3 O-O 6. Nbd2 c5 7. e4 Nc6 8.
Re1 Qc7 9. Nf1 b5 10. Bf4 Qb6 11. e5 Nd7 12. h4 Bb7 13. N1h2 Rfc8 14. Bh3
Nd4 15. Ng5 Nf8 16. c3 Nf5 17. Qe2 h6 18. Ngf3 d4 19. cxd4 cxd4 20. h5 Bd5
21. Bg2 Qb7 22. Rec1 Nh7 23. g4 Nh4 24. Nxh4 Bxh4 25. Bxd5 Qxd5 26. Qf3 Ng5
27. Bxg5 Bxg5 28. Qxd5 exd5 29. Rxc8+ Rxc8 30. Nf3 Bf4 31. Nxd4 Bxe5 32.
Nxb5 a6 33. d4 Bf6 34. Nd6 Rc6 35. Nf5 g6 36. hxg6 fxg6 37. Nxh6+ Kg7 38.
g5 Bxg5 39. Ng4 Rc4 40. Ne5 Rxd4 41. Nf3 Rg4+ 42. Kf1 Bf6 43. Rb1 Rc4 44.
Ne1 Kf7 45. b3 Rc6 46. Rd1 Ke6 47. Nd3 g5 48. Nb4 Rd6 49. Rc1 Rb6 50. Nd3
Kd6 51. Rc8 Kd7 52. Ra8 Kc6 53. Ke2 Kb7 54. Rf8 Re6+ 55. Kd2 Kb6 56. Nb4
Kc5 57. a3 Be5 58. Nd3+ Kc6 59. Rf5 Bd6 60. a4 g4 61. Rg5 Re4 62. Kc3 a5
63. Rg7 Bb4+ 64. Kc2 Kd6 65. Rg6+ Kc7 66. Rg5 Kd6 67. Rg7 Ke6 68. Rb7 Kd6
69. Kd1 Kc6 70. Rb8 Rd4 71. Ke2 Re4+ 72. Kf1 Kc7 73. Rb5 Kc6 74. Rb8 Kc7
75. Rg8 Bd6 76. Rg5 Kc6 77. Rf5 g3 78. Rf6 gxf2 79. Kxf2 Kc7 80. Kf3 Kc6
81. Rh6 Kc7 82. Rh8 Kb6 83. Rh1 Kc6 84. Rd1 Kb6 85. Ne1 Kc6 86. Ng2 Bc5 87.
Rd3 Bd4 88. Nf4 Kc5 89. Rd1 Re3+ 90. Kg4 Re4 91. Kf5 Re5+ 92. Kg4 Re4 93.
Kf3 Re3+ 94. Kg2 Re4 95. Nd3+ Kb6 96. Kf3 Bc5 97. Rd2 Bd6 98. Rg2 Kc6 99.
Rg6 Kc7 100. Rg5 Kc6 101. Rh5 Re8 102. Rh4 Rb8 103. Nc1 Ba3 104. Rh6+ Kc5
105. Nd3+ Kd4 106. Ke2 Kc3 107. Rh3 Kxb3 108. Nf4+ Kxa4 109. Nxd5 Bb2 110.
Kd1 Rb3 111. Rh4+ Ka3 112. Kc2 Bg7 113. Rg4 Bb2 114. Re4 a4 115. Re3 Ka2
116. Nc3+ Bxc3 117. Rxc3 Rb8 118. Rc4 a3 119. Rc7 Rb2+ 120. Kc1 Ka1 121.
Ra7 *

[Event "26th Abu Dhabi Masters"]
[Site "Abu Dhabi UAE"]
[Date "2019.08.10"]
[Round "9.36"]
[White "Ajay Krishna, S"]
[Black "Venkatesh, M.R."]
[Result "1/2-1/2"]
[WhiteElo "2280"]
[BlackElo "2480"]
[EventDate "2019.08.02"]

1. d4 Nf6 2. Bf4 e6 3. e3 d5 4. Nd2 Bd6 5. Bg3 c5 6. c3 Qc7 7. Bxd6 Qxd6 8.
f4 Nc6 9. Qf3 b6 10. Nh3 Bb7 11. Bd3 O-O-O 12. Qe2 Nd7 13. a3 f6 14. b4 c4
15. Bc2 h6 16. e4 Rde8 17. O-O-O a5 18. Rde1 axb4 19. axb4 b5 20. exd5 exd5
21. Qxe8+ Rxe8 22. Rxe8+ Kc7 23. Rhe1 Nxb4 24. cxb4 Qxb4 25. R1e3 Qa5 26.
Nb1 Qa1 27. R3e7 Bc6 28. Rxg7 b4 29. Bf5 c3 30. Re2 b3 31. Rg3 c2 32. Bxc2
bxc2 33. Rxc2 Nb6 34. Rgc3 Nc4 35. Nf2 Kd6 36. g4 Bd7 37. f5 h5 38. h3 hxg4
39. hxg4 Qa7 40. Rd3 Qa1 41. Rdc3 Qa7 42. Ne4+ dxe4 43. Rxc4 e3 44. Rc5 Qa6
45. Nc3 Qa1+ 46. Nb1 Ba4 47. Rb2 Qxb2+ 48. Kxb2 e2 49. Rc1 Bd1 50. Nc3 e1=Q
51. Rxd1 Qf2+ 52. Kb3 Qg3 53. Ra1 Qxg4 54. d5 1/2-1/2

[Event "26th Abu Dhabi Masters"]
[Site "Abu Dhabi UAE"]
[Date "2019.08.10"]
[Round "9.37"]
[White "Costachi, Mihnea"]
[Black "Bhambure, Shantanu"]
[Result "1/2-1/2"]
[WhiteElo "2471"]
[BlackElo "2288"]
[EventDate "2019.08.02"]

1. d4 Nf6 2. c4 e6 3. Nf3 b6 4. g3 Bb4+ 5. Bd2 Be7 6. Nc3 c6 7. Bg2 d5 8.
Ne5 O-O 9. O-O Ba6 10. cxd5 cxd5 11. Rc1 Nfd7 12. Nxd5 exd5 13. Nxf7 Rxf7
14. Bxd5 Nf6 15. Bxa8 Qxd4 16. Bf4 Qxd1 17. Rfxd1 Nbd7 18. Rc7 Bc5 19. Bf3
Nf8 20. Rxf7 Kxf7 21. Bb8 b5 22. Bd6 Bb6 23. Rc1 Ne6 24. e3 Ne8 25. Bb4
N8c7 26. Bc6 Nd8 27. Bd7 Nde6 28. Bc6 Nd8 29. Bc5 Bxc5 30. Rxc5 Ke7 31. b4
Nce6 32. Rc3 1/2-1/2

[Event "26th Abu Dhabi Masters"]
[Site "Abu Dhabi UAE"]
[Date "2019.08.10"]
[Round "9.38"]
[White "Sammed Jaykumar, Shete"]
[Black "Srihari, L R"]
[Result "1-0"]
[WhiteElo "2416"]
[BlackElo "2227"]
[EventDate "2019.08.02"]

1. d4 d6 2. e4 Nf6 3. Nc3 c6 4. h3 Nbd7 5. g3 b5 6. a3 Bb7 7. Bg2 a6 8.
Nge2 g6 9. O-O Bg7 10. Be3 Qc7 11. f4 e5 12. dxe5 dxe5 13. Qe1 O-O 14. f5
c5 15. g4 b4 16. g5 Ne8 17. Nd5 Bxd5 18. exd5 gxf5 19. Rxf5 Nd6 20. Rf1
bxa3 21. b3 f5 22. gxf6 Rxf6 23. Rxf6 Nxf6 24. Rxa3 c4 25. b4 Kh8 26. Nc3
Qd7 27. Na4 Rg8 28. Nc5 Qf5 29. Qf2 Qh5 30. Ne6 Nfe4 31. Qf3 Qxf3 32. Bxf3
Bh6+ 33. Kf1 Bxe3 34. Rxe3 Rg3 35. Ke2 Ng5 36. Kf2 Rxf3+ 37. Rxf3 Nxf3 38.
Kxf3 Kg8 39. Nc7 Kf7 40. Nxa6 Kf6 41. Kg4 Kg6 42. Nb8 h5+ 43. Kf3 Kf5 44.
Nc6 Nb5 45. Ke3 Nc3 46. d6 Nd5+ 47. Kf2 Ke6 48. d7 Kxd7 49. Nxe5+ Ke6 50.
Nxc4 Nxb4 51. Ne3 Ke5 52. Kf3 h4 53. c3 Nd3 54. Ng2 Kd5 55. Nf4+ Kc4 56.
Nxd3 Kxd3 57. Kg4 Kxc3 58. Kxh4 Kd4 59. Kg5 Ke5 60. h4 Kd6 61. Kf6 1-0

[Event "26th Abu Dhabi Masters"]
[Site "Abu Dhabi UAE"]
[Date "2019.08.10"]
[Round "9.39"]
[White "Samant, Aditya S"]
[Black "Viani, Antonio Dcunha"]
[Result "1-0"]
[WhiteElo "2295"]
[BlackElo "2371"]
[EventDate "2019.08.02"]

1. e4 e5 2. Nf3 Nc6 3. Bb5 a6 4. Ba4 Nf6 5. O-O Bc5 6. c3 b5 7. Bb3 d6 8.
d4 Bb6 9. a4 Bb7 10. Bg5 h6 11. Bxf6 Qxf6 12. Bd5 O-O 13. Na3 exd4 14. Nxd4
Bxd4 15. cxd4 b4 16. Nc4 Rfe8 17. Qd3 Nd8 18. Bxb7 Nxb7 19. Ne3 c5 20. Nd5
Qxd4 21. Qxd4 cxd4 22. Nc7 Nc5 23. Rfd1 d3 24. Rac1 a5 25. Nxa8 Rxa8 26. e5
Nxa4 27. exd6 Kf8 28. Rxd3 Nxb2 29. Re3 Na4 30. Rc6 Re8 31. d7 Rxe3 32.
Rc8+ 1-0

[Event "26th Abu Dhabi Masters"]
[Site "Abu Dhabi UAE"]
[Date "2019.08.10"]
[Round "9.40"]
[White "Raja, Rithvik R"]
[Black "Kathmale, Sameer"]
[Result "1-0"]
[WhiteElo "2364"]
[BlackElo "2326"]
[EventDate "2019.08.02"]

1. d4 Nf6 2. c4 g6 3. Nc3 Bg7 4. e4 d6 5. Be2 O-O 6. Be3 Na6 7. Nf3 e5 8.
O-O c6 9. Re1 exd4 10. Nxd4 Re8 11. f3 d5 12. cxd5 cxd5 13. Bb5 Bd7 14.
Bxa6 bxa6 15. exd5 Re5 16. Bf2 Nh5 17. Qd2 Qf8 18. Nb3 Bh6 19. Qd4 Rf5 20.
Nc5 Rd8 21. Rad1 Bc8 22. d6 Bg7 23. Qa4 Bxc3 24. bxc3 Nf6 25. Qc6 Nd7 26.
Re7 Nxc5 27. Bxc5 Be6 28. Rxa7 Rb8 29. Rc7 Rb5 30. Bb4 Qh6 31. d7 Qe3+ 32.
Kh1 Bxd7 33. Rcxd7 Kg7 34. Rd8 Kh6 35. Qe4 Qxe4 36. fxe4 Rf2 37. R8d2 Rf4
38. Rd5 g5 39. Rxb5 axb5 40. Kg1 Rxe4 41. Rd5 Re2 42. a3 Kh5 43. Rxb5 Kg4
44. h4 Kxh4 45. Bc5 Re1+ 46. Kh2 Re2 47. Rb7 g4 48. Rxf7 1-0

[Event "26th Abu Dhabi Masters"]
[Site "Abu Dhabi UAE"]
[Date "2019.08.10"]
[Round "9.41"]
[White "Senthil, Maran K"]
[Black "Divya, Deshmukh"]
[Result "1/2-1/2"]
[WhiteElo "2222"]
[BlackElo "2360"]
[EventDate "2019.08.02"]

1. d4 Nf6 2. c4 c5 3. Nf3 cxd4 4. Nxd4 d6 5. g3 Nc6 6. Bg2 Bd7 7. O-O g6 8.
b3 Bg7 9. Bb2 O-O 10. Nc3 Rc8 11. Rc1 Qa5 12. e3 Nxd4 13. exd4 b5 14. cxb5
Bh6 15. f4 Bxb5 16. Nxb5 Qxb5 17. Re1 Qd7 18. Qe2 Rxc1 19. Rxc1 Rb8 20. Bc6
Qd8 21. d5 Bg7 22. Re1 Qb6+ 23. Kf1 1/2-1/2

[Event "26th Abu Dhabi Masters"]
[Site "Abu Dhabi UAE"]
[Date "2019.08.10"]
[Round "9.43"]
[White "Deshpande, Aniruddha"]
[Black "Krishnater, Kushager"]
[Result "1/2-1/2"]
[WhiteElo "2234"]
[BlackElo "2324"]
[EventDate "2019.08.02"]

1. d4 Nf6 2. c4 g6 3. g3 c5 4. d5 b5 5. cxb5 a6 6. bxa6 Bg7 7. Nc3 O-O 8.
Bg2 d6 9. Nf3 Nbd7 10. O-O Nb6 11. Re1 Bxa6 12. Nd2 Ra7 13. Qc2 Qa8 14. e4
Ng4 15. Nf3 Nc4 16. Rd1 Qb7 17. Rb1 Qb4 18. h3 Nge5 19. Nxe5 Bxe5 20. Ne2
Rb8 21. b3 Na3 22. Bxa3 Qxa3 23. Rd2 Rab7 24. Rbd1 c4 25. Nd4 Bxd4 26. Rxd4
cxb3 27. axb3 Rxb3 28. R4d2 Rb2 29. Qc1 Qa2 30. Rxb2 Rxb2 31. Qe3 Qb3 32.
Qxb3 Rxb3 33. Ra1 Bd3 34. Ra7 Kf8 35. g4 g5 36. Kh2 Rb4 37. f3 Rb2 38. Kg3
Rb3 39. Kf2 h6 40. Rc7 Rb2+ 41. Kg3 Rc2 42. Rxc2 Bxc2 43. f4 f6 44. h4 Ke8
45. hxg5 hxg5 46. fxg5 fxg5 47. Kf2 Bd1 48. Bf3 Ba4 49. Ke3 Kf7 50. Kd4 Kf6
51. Be2 Bb3 52. Ba6 Bd1 53. Bc8 Be2 54. Be6 Bd1 1/2-1/2

[Event "26th Abu Dhabi Masters"]
[Site "Abu Dhabi UAE"]
[Date "2019.08.10"]
[Round "9.44"]
[White "Socko, Monika"]
[Black "Srija, Seshadri"]
[Result "1/2-1/2"]
[WhiteElo "2436"]
[BlackElo "2284"]
[EventDate "2019.08.02"]

1. e4 e5 2. Nf3 Nc6 3. d4 exd4 4. Bc4 Nf6 5. e5 d5 6. Bb5 Ne4 7. Nxd4 Bd7
8. Bxc6 bxc6 9. O-O Bc5 10. f3 Ng5 11. f4 Ne4 12. Be3 O-O 13. Nd2 Nxd2 14.
Qxd2 Bb6 15. c3 f6 16. Nf3 Bg4 17. exf6 Rxf6 18. Ne5 Bf5 19. a4 Rb8 20. Bf2
a5 21. Rad1 Rh6 22. Kh1 Be4 23. Bg3 Qe8 24. Qe2 Qe6 25. Rd2 Rf8 26. Re1 Re8
27. Qg4 Qxg4 28. Nxg4 Rhe6 29. Rf1 h5 30. Ne5 g5 31. Nd7 h4 32. Nxb6 cxb6
33. f5 Rf6 34. Bc7 h3 35. Kg1 Bxg2 36. Rc1 c5 37. Rf2 Rc6 38. Bg3 Kf7 39.
Rd1 Be4 40. Re1 Rf6 41. Rfe2 c4 42. Bf2 Kg8 43. Bd4 Rxf5 44. Bxb6 Ref8 45.
Rf2 Rxf2 46. Bxf2 Rb8 47. Re2 Bf3 48. Rd2 g4 49. Bd4 Kf7 50. Be5 Rb7 51.
Kf2 Ke6 52. Bg3 Kd7 53. Ke3 Kc6 54. Kf4 Re7 55. Kf5 Re4 56. Bh4 Re3 57. Kf4
Re4+ 58. Kf5 Re8 59. Kf4 Kb6 60. Bg3 Kc6 61. Bh4 Rf8+ 62. Ke5 Be4 63. Rf2
Re8+ 64. Kf4 Bf3 65. Rd2 Re4+ 66. Kf5 Be2 67. Bg3 Bf1 68. Rf2 Bg2 69. Rf4
Rxf4+ 70. Kxf4 Bf3 71. Bh4 Kb7 72. Ke5 Kc6 73. Kf4 Kb7 74. Ke5 Kb6 75. Bd8+
Ka6 76. Kf4 Bd1 77. Bc7 Bxa4 78. Kxg4 Bd7+ 79. Kf4 Kb5 80. Ke5 Bc6 81. Kd4
Bb7 82. Bd8 Bc6 83. Bc7 Bb7 84. Bd8 Bc6 1/2-1/2

[Event "26th Abu Dhabi Masters"]
[Site "Abu Dhabi UAE"]
[Date "2019.08.10"]
[Round "9.45"]
[White "Dimakiling, Oliver"]
[Black "Aaryan, Varshney"]
[Result "1/2-1/2"]
[WhiteElo "2418"]
[BlackElo "2272"]
[EventDate "2019.08.02"]

1. c4 e5 2. e3 Nf6 3. Nc3 Nc6 4. a3 a5 5. Nf3 Be7 6. Qc2 h6 7. b3 d6 8. h3
Be6 9. Bb2 O-O 10. g4 Ne8 11. Bd3 Qd7 12. Bh7+ Kh8 13. Bf5 g6 14. Bxe6 Qxe6
15. O-O-O f5 16. d4 fxg4 17. Nxe5 dxe5 18. d5 Qf5 19. Ne4 Nd6 20. Nxd6
Qxc2+ 21. Kxc2 Rxf2+ 22. Rd2 Rxd2+ 23. Kxd2 cxd6 24. dxc6 bxc6 25. hxg4 Kg7
26. c5 Rf8 27. Kd3 Rf2 28. Bc3 Bf6 29. cxd6 e4+ 30. Kxe4 Bxc3 31. Rc1 Bf6
32. Rxc6 Kf7 33. Ra6 Rd2 34. Rxa5 Rxd6 35. Ra7+ Ke6 36. b4 Rb6 37. Ra5 Be7
38. b5 h5 39. gxh5 gxh5 40. a4 h4 41. Ra6 Rxa6 42. bxa6 Bc5 43. Kf3 h3 44.
Kg3 Bxe3 45. Kxh3 Ke5 1/2-1/2

[Event "26th Abu Dhabi Masters"]
[Site "Abu Dhabi UAE"]
[Date "2019.08.10"]
[Round "9.46"]
[White "Priyanka, Nutakki"]
[Black "Ni, Shiqun"]
[Result "1/2-1/2"]
[WhiteElo "2259"]
[BlackElo "2409"]
[EventDate "2019.08.02"]

1. Nf3 d5 2. e3 Nf6 3. c4 c6 4. b3 Bf5 5. Bb2 e6 6. Nc3 h6 7. d4 Nbd7 8.
Bd3 Bxd3 9. Qxd3 Bb4 10. O-O O-O 11. a3 Bxc3 12. Bxc3 Ne4 13. Bb2 a5 14. c5
b5 15. b4 Qc7 16. Ne5 f5 17. f3 Nxe5 18. dxe5 Ng5 19. Bc3 a4 20. Qd4 Qe7
1/2-1/2

[Event "26th Abu Dhabi Masters"]
[Site "Abu Dhabi UAE"]
[Date "2019.08.10"]
[Round "9.47"]
[White "Rakesh, Kumar Jena"]
[Black "Siva, Mahadevan"]
[Result "0-1"]
[WhiteElo "2375"]
[BlackElo "2270"]
[EventDate "2019.08.02"]

1. d4 Nf6 2. Nf3 g6 3. Nc3 d5 4. Bf4 Bg7 5. e3 O-O 6. h3 c5 7. dxc5 Nbd7 8.
Nb5 Nxc5 9. Nc7 Nfe4 10. Nxa8 Bxb2 11. Bc7 Bc3+ 12. Ke2 Qd7 13. Ne5 Qf5 14.
Ng4 Qe6 15. Bf4 Qa6+ 16. Kf3 Bxg4+ 17. hxg4 Qf6 18. Nc7 Nd2+ 19. Ke2 e5 20.
f3 exf4 21. Nxd5 Qe5 22. Nxf4 Re8 23. Kf2 Qxe3+ 0-1

[Event "26th Abu Dhabi Masters"]
[Site "Abu Dhabi UAE"]
[Date "2019.08.10"]
[Round "9.48"]
[White "Moksh, Amit Doshi"]
[Black "Wagh, Suyog"]
[Result "1-0"]
[WhiteElo "2343"]
[BlackElo "2253"]
[EventDate "2019.08.02"]

1. d4 Nf6 2. c4 e6 3. Nf3 a6 4. Nc3 d5 5. cxd5 exd5 6. Qb3 b5 7. Bg5 Be6 8.
Bxf6 Qxf6 9. a4 b4 10. Nxd5 Qd8 11. e4 c6 12. Qe3 cxd5 13. exd5 Qxd5 14.
Rc1 Be7 15. Bd3 Qd8 16. Be4 Nd7 17. d5 Bg4 18. d6 Rb8 19. dxe7 Qxe7 20. Nd4
Ne5 21. f4 f5 22. fxe5 fxe4 23. Nc6 Qh4+ 24. g3 Qh3 25. Nxb8 O-O 26. Nc6
Rf3 27. Ne7+ Kf7 28. Qa7 Bd7 29. Nd5 g5 30. Rc7 Qg2 31. Rxd7+ Kg6 32. Qb6+
1-0